| 000 | 00620nam a2200205 i 4500 | ||
|---|---|---|---|
| 001 | 82733 | ||
| 003 | ES-MaACL | ||
| 005 | 20230906174726.0 | ||
| 007 | t| | ||
| 008 | 041111q1952 sp ||||1| spa d | ||
| 100 | 1 |
_aInnes, Michael. _965328 |
|
| 245 | 1 | 0 |
_aEn la mañana de un lunes / _cpor Michael Innes ; [versión castellana, Eugenio G. Fustegueras]. |
| 260 |
_a[S.l. : _bs.n., _c1952?] ( _fGraf. Orbe) |
||
| 300 |
_a328 p. ; _c19 cm. |
||
| 490 | 1 |
_aLa nave ; _v6 |
|
| 700 | 1 |
_aFustegueras, Eugenio G. _953077 |
|
| 830 | 0 |
_aLa nave ; _v6 _9182879 |
|
| 852 |
_aES-MaACL _jD-8792 _bR.33162 |
||
| 999 |
_c82733 _d82733 |
||